| 000 | 00532nam a22001697a 4500 | ||
|---|---|---|---|
| 020 | _qHard Cover. | ||
| 082 | _a004 | ||
| 100 | _aZohaib Mehd Ghani. | ||
| 245 |
_aNational Assembly of Pakistan / _cZohaib Mehd Ghani. |
||
| 260 |
_aIslamabad : _bSEECS - NUST, _c2003. |
||
| 300 |
_a137 p. : ill. ; _c30cm. |
||
| 650 | _aInformation Technology-Project Report | ||
| 700 | _aDr. Shoaib. | ||
| 856 | _uhttp://10.250.8.41:8080/xmlui/handle/123456789/29694 | ||
| 942 |
_2ddc _cPR |
||
| 999 |
_c536257 _d536257 |
||